S láskou máma /
Psychologický thriller, v němž dcera slavné matky po její smrti za dramatických okolností odhaluje neznámé a tajemné události z jejího života.
Uloženo v:
| Hlavní autor: | |
|---|---|
| Další autoři: | |
| Médium: | Kniha |
| Jazyk: | Czech |
| Vydáno: |
Praha :
Euromedia Group,
2026
|
| Vydání: | Vydání první |
| Témata: | |
| Celkem bylo vypůjčeno: | 0x |
| Tagy: |
Žádné tagy |
| LEADER | 02410nam a2200433 i 4500 | ||
|---|---|---|---|
| 001 | 106458 | ||
| 003 | CZ PrNK | ||
| 005 | 20260603105448.0 | ||
| 007 | ta | ||
| 008 | 260519s2026 xr g 000 f cze | ||
| 015 | |a cnb003750336 | ||
| 020 | |a 9788028411596 |q (vázáno) | ||
| 040 | |a ABG001 |b cze |d BOA001 |e rda | ||
| 041 | 1 | |a cze |h eng | |
| 072 | 7 | |a 821.111(73)-3 |x Americká próza |2 Konspekt |9 25 | |
| 080 | |a 821.111(73)-31 |2 MRF | ||
| 080 | |a (0:82-312.4) |2 MRF | ||
| 100 | 1 | |a Xander, Iliana, |d 1984- |7 xx0345474 |4 aut |9 117410 | |
| 240 | 1 | 0 | |a Love, mom. |l Česky |
| 245 | 1 | 0 | |a S láskou máma / |c Iliana Xander ; přeložil Martin Urban |
| 250 | |a Vydání první | ||
| 264 | 1 | |a Praha : |b Euromedia Group, |c 2026 | |
| 300 | |a 325 stran ; |c 24 cm | ||
| 336 | |a text |b txt |2 rdacontent | ||
| 337 | |a bez média |b n |2 rdamedia | ||
| 338 | |a svazek |b nc |2 rdacarrier | ||
| 500 | |a Přeloženo z angličtiny | ||
| 500 | |a Na obálce uvedeno nakladatelství: Kalibr | ||
| 520 | 2 | |a Psychologický thriller, v němž dcera slavné matky po její smrti za dramatických okolností odhaluje neznámé a tajemné události z jejího života. |b Mackenzie Casperová je vynikající studentka. Každý ji však zná pro její matku, autorku temných a zvrácených thrillerů, které mají oddané fanoušky po celém světě. Když její matka náhle zemře, vyvstává otázka: Byla to opravdu nehoda? V den pohřbu dostane Mackenzie záhadnou obálku. Uvnitř jsou stránky z deníku její matky, které začínají řádky: Chceš znát tajemství? S láskou máma. Obsah Mackenzie šokuje. Pak ale přijde druhý dopis. A třetí ... Mackenzie se pustí do vlastního pátrání a narazí na tajemství, která její rodina celá léta skrývala. Rychle si uvědomí, že cesta její matky ke slávě byla lemována zlověstnými skutky, které ji možná dostihly. Nakladatelská anotace. | |
| 655 | 7 | |a americké romány |7 fd131796 |2 czenas |9 53403 | |
| 655 | 7 | |a thrillery (romány) |7 fd184206 |2 czenas |9 54254 | |
| 655 | 9 | |a American fiction |2 eczenas | |
| 655 | 9 | |a thrillers (novels) |2 eczenas | |
| 700 | 1 | |a Urban, Martin, |d 1967- |7 xx0176367 |4 trl |9 113197 | |
| 710 | 2 | |a Kalibr (nakladatelství) |7 ko20261289695 |4 pbl |9 117203 | |
| 910 | |a UOG502 | ||
| 942 | |2 ddc |c KN | ||
| 999 | |d 106458 | ||
| 993 | |0 0 |1 421180107175 |2 ddc |4 0 |7 0 |9 99894 |b 0 |c 107175 |d 2026-06-03 |e 0 |f DOSP |h 459.00 |i Koupě |l DOSP |r 2026-06-03 |t 6 |w 2026-06-03 |y KN |z BELET |n | ||